Artistes les plus écoutés sur Spotify par années - Statistiques

Statistiques générales
  • Ce quiz a été pris 2 181 fois
    1 397 depuis la dernière actualisation
  • Le résultat moyen est 9 sur 28
Statistiques - réponses
Année Artiste % Correct
2021 Taylor Swift
81%
2016 Rihanna
77%
2015 The Weeknd
75%
2015 Drake
73%
2016 Justin Bieber
60%
2019 Ariana Grande
57%
2013 Eminem
51%
2014 Ed Sheeran
44%
2015 Kanye West
41%
2014 Katy Perry
39%
2019 Billie Eilish
36%
2014 Coldplay
35%
2019 Bad Bunny
34%
2017 Kendrick Lamar
34%
2021 BTS
28%
2013 Daft Punk
22%
2013 Imagine Dragons
22%
2017 Post Malone
22%
2018 XXXTentacion
22%
2015 Maroon 5
19%
2013 Avicii
15%
2018 J Balvin
13%
2014 Calvin Harris
11%
2020 Juice WRLD
8%
2013 Macklemore
7%
2016 Twenty One Pilots
5%
2017 The Chainsmokers
3%
2023 Peso Pluma
2%
Aucun quiz correspondant
Distribution des résultats
% des personnes avec chaque résultat
Percentile par nombre de réponses
Votre historique - résultats
Vous n’avez pas pris ce quiz depuis la dernière actualisation